000
00331nam a2200133 a 4500
005
20140414093835.0
008
030611s19uu xx 00 eng d
050
_a
CDR 370
_b
MUL 1998
245
_a
The multimedia workshop :
_b
high school success.
650
_a
Education.
650
_a
CD-ROM.
942
_c
AVM
999
_c
108949
_d
108949